5HLuxD.jpg

KING HENRY VIII SENIOR AND PRIMARY SCHOOL LIBRARY OPAC

What noise do I make? / (Record no. 2409)

000 -LEADER
fixed length control field 01138cam a2200301 i 4500
001 - CONTROL NUMBER
control field (Sirsi) a1032157
003 - CONTROL NUMBER IDENTIFIER
control field OSt
005 - DATE AND TIME OF LATEST TRANSACTION
control field 20230510073643.0
008 - FIXED-LENGTH DATA ELEMENTS--GENERAL INFORMATION
fixed length control field 170815t20162016onca a 000 j eng d
020 ## - INTERNATIONAL STANDARD BOOK NUMBER
International Standard Book Number 9781771471503
Qualifying information (hardcover) :
040 ## - CATALOGING SOURCE
Original cataloging agency NLC
Language of cataloging eng
Transcribing agency NLC
Modifying agency OCLCO
-- BDX
-- YDXCP
-- BTCTA
-- OCLCF
-- OCLCO
-- DPL
-- CGP
-- OCLCO
-- OCL
-- OCLCO
-- ILC
-- OCLCO
-- IGA
-- QBX
-- OCL
-- MVP
-- TAE
-- KH8
Description conventions rda
042 ## - AUTHENTICATION CODE
Authentication code nbic
082 0# - DEWEY DECIMAL CLASSIFICATION NUMBER
Classification number 591.594 MCL
100 1# - MAIN ENTRY--PERSONAL NAME
Personal name McLachlan, Brian,
Relator term author.
245 10 - TITLE STATEMENT
Title What noise do I make? /
Statement of responsibility, etc. Brian McLachlan.
264 #1 - PRODUCTION, PUBLICATION, DISTRIBUTION, MANUFACTURE, AND COPYRIGHT NOTICE
Place of production, publication, distribution, manufacture Toronto, Ontario ;
-- Berkeley, CA :
Name of producer, publisher, distributor, manufacturer Owlkids Books Inc.,
Date of production, publication, distribution, manufacture, or copyright notice [2016]
264 #4 - PRODUCTION, PUBLICATION, DISTRIBUTION, MANUFACTURE, AND COPYRIGHT NOTICE
Date of production, publication, distribution, manufacture, or copyright notice ©2016.
300 ## - PHYSICAL DESCRIPTION
Extent 64 unnumbered pages :
Other physical details color illustrations ;
Dimensions 21 cm.
336 ## - CONTENT TYPE
Content type term text
Content type code txt
Source rdacontent.
336 ## - CONTENT TYPE
Content type term still image
Content type code sti
Source rdacontent.
337 ## - MEDIA TYPE
Media type term unmediated
Media type code n
Source rdamedia.
338 ## - CARRIER TYPE
Carrier type term volume
Carrier type code nc
Source rdacarrier.
520 ## - SUMMARY, ETC.
Summary, etc. We all know dogs bark woof and cats mew meow but what noises do ostriches or peacocks or kookaburras make?
521 1# - TARGET AUDIENCE NOTE
Target audience note Ages 2-5.
650 #0 - SUBJECT ADDED ENTRY--TOPICAL TERM
Topical term or geographic name entry element Animal sounds
Form subdivision Juvenile literature.
650 #0 - SUBJECT ADDED ENTRY--TOPICAL TERM
Topical term or geographic name entry element Onomatopoeia
Form subdivision Juvenile literature.
942 ## - ADDED ENTRY ELEMENTS (KOHA)
Source of classification or shelving scheme
Koha item type Books - Non Ficton
Holdings
Withdrawn status Lost status Source of classification or shelving scheme Damaged status Not for loan Collection code Permanent Location Current Location Shelving location Date acquired Total Checkouts Full call number Barcode Date last seen Date last checked out Price effective from Koha item type
          Non-Fiction KH8 Primary School Library KH8 Primary School Library Non Fiction 2023-05-10 9 591.594 MCL KHPL000004158 2025-12-05 2025-02-04 2023-05-10 Books - Non Ficton

Powered By KH8 IT Dept